000 02100nam1a22003131i 4500
001 v19\rc\1800252
005 20260406234316.0
035 _a(NLR Aleph) 004901579
090 _a5380517
_c5380517
100 _a20071130d19071916|||y0rusy50 ca
101 0 _arus
102 _aRU
105 _a z |||||
200 1 _aОтчет о деятельности Энтомологического отделения мико-энтомологической опытной станции Всероссийского общества сахарозаводчиков...
210 _aКиев
_d1907-1916
215 _d25-28
300 _aЗагл. отчетов: за 1906-1911 гг.: Отчет о деятельности Энтомологической станции Всероссийского общества сахарозаводчиков в м. Смеле, Киевской губ.; за 1913 г.: Отчет о деятельности Опытной энтомологической станции Всероссийского общества сахарозаводчиков...
517 0 _aОтчет о деятельности Энтомологической станции Всероссийского общества сахарозаводчиков в м. Смеле, Киевской губ.
517 0 _aОтчет о деятельности Опытной энтомологической станции Всероссийского общества сахарозаводчиков
710 0 2 _aВсероссийское общество сахарозаводчиков
_bМико-энтомологическая опытная станция
_cКиев
_cм. Смела (Киевская губ.)
_9471290
_3RU\NLR\AUTH\889987827
801 0 _aRU
_bNLR
_gpsbo
801 0 _aRU
_bRuMoRGB
_2psbo
801 1 _aRU
_bProSoft-M
_2rusmarc
852 _aNLR (1906-1915*)
_jШифры разные
899 _aRuMoRGB (1906-1915*)
_jA 321/275
899 _aБАН (1906-1915*)
899 _aНБ МГУ (1907-1915)
899 _aRuMoRGB (1906-1915*)
_jA 300/111
942 _cBOOK